| 000 | 00476pab a2200157 454500 | ||
|---|---|---|---|
| 008 | 180718b1998 xxu||||| |||| 00| 0 eng d | ||
| 100 | _aSwaminadhan, D. | ||
| 245 | _aTechnology capacity building and application for sustainable rural development through partnership approach | ||
| 260 | _c1998 | ||
| 300 | _ap.407-19 | ||
| 362 | _aJul-Sep | ||
| 650 | _aRural development - India | ||
| 650 | _aRural development | ||
| 773 | _aJournal of Rural Development | ||
| 909 | _a39073 | ||
| 999 |
_c39073 _d39073 |
||